A cognitive approach to Language Learning
Spremljeno u:
| Glavni autor: | |
|---|---|
| Format: | Knjiga |
| Jezik: | engleski |
| Izdano: |
Nueva York
Oxford University Press
1998
|
| Teme: | |
| Oznake: |
Dodaj oznaku
Bez oznaka, Budi prvi tko označuje ovaj zapis!
|
MARC
| LEADER | 00000nam a2200000 a 4500 | ||
|---|---|---|---|
| 001 | UCH3049 | ||
| 003 | CL-VaPUC | ||
| 008 | 090709e19980000US |||||||||||||||||eng|d | ||
| 020 | |a 9780194372176 | ||
| 082 | 0 | 4 | |a 372.6 |b SKE |2 21 |
| 100 | 0 | |a Skehan, Peter |e author |9 538214 | |
| 245 | 1 | 2 | |a A cognitive approach to Language Learning |
| 300 | |a 324 p | ||
| 942 | |c BK | ||
| 945 | |d 20090709 00:00:00 |a dcastane | ||
| 260 | |a Nueva York |b Oxford University Press |c 1998 | ||
| 650 | 0 | |a Enseñanza de idiomas |9 339820 | |
| 650 | 7 | |a ENSEÑANZA DE LA LENGUA |2 CL-VaPUC |9 390747 | |
| 650 | 0 | |a Cognición |9 270347 | |
| 650 | 0 | |a Psicolingüística |9 283371 | |
| 583 | |a last modification |c 20090709 00:00:00 |k Rodrigo Vera | ||
| 999 | |c 334706 |d 334704 | ||
| 952 | |0 0 |1 0 |4 0 |6 372_600000000000000_SKE_1998 |7 0 |8 A |9 423843 |a FDOPOS |b FDOPOS |d 2019-11-22 |i 4570251 |o 372.6 SKE 1998 |p 4570251 |r 2025-01-22 |w 2019-11-22 |y BK |k DLA | ||
| 952 | |0 0 |1 0 |4 0 |6 372_600000000000000_SKE_1998 |7 0 |8 A |9 423844 |a FDOPOS |b FDOPOS |d 2019-11-22 |i 457026K |o 372.6 SKE 1998 |p 457026K |r 2025-01-22 |w 2019-11-22 |y BK |k DLA | ||